<?xml version="1.0" encoding="UTF-8"?>
<collection xmlns="http://www.loc.gov/MARC21/slim">
 <record>
  <leader>00648nam a22002055a 4500</leader>
  <controlfield tag="001">EHU.bham024514</controlfield>
  <controlfield tag="003">AR-BHAM</controlfield>
  <controlfield tag="005">20130507151232.0</controlfield>
  <controlfield tag="008">130507s1965##################000#0#####d</controlfield>
  <datafield tag="082" ind1="A" ind2="8">
   <subfield code="a">864.4</subfield>
  </datafield>
  <datafield tag="100" ind1="1" ind2=" ">
   <subfield code="a">Borges, Jorge Luis</subfield>
  </datafield>
  <datafield tag="245" ind1="1" ind2="0">
   <subfield code="a">Historia de la eternidad /</subfield>
   <subfield code="c">Jorge Luis Borges</subfield>
  </datafield>
  <datafield tag="250" ind1=" " ind2=" ">
   <subfield code="a">3a.reimp</subfield>
  </datafield>
  <datafield tag="260" ind1=" " ind2=" ">
   <subfield code="a">Buenos Aires :</subfield>
   <subfield code="b">Emece,</subfield>
   <subfield code="c">1965</subfield>
  </datafield>
  <datafield tag="300" ind1=" " ind2=" ">
   <subfield code="a">157 p.</subfield>
  </datafield>
  <datafield tag="653" ind1=" " ind2=" ">
   <subfield code="a">Donacion lejarraga</subfield>
  </datafield>
  <datafield tag="653" ind1=" " ind2=" ">
   <subfield code="a">Literatura argentina</subfield>
  </datafield>
  <datafield tag="653" ind1=" " ind2=" ">
   <subfield code="a">Ensayo argentino-1911-</subfield>
  </datafield>
  <datafield tag="859" ind1=" " ind2=" ">
   <subfield code="a">AR-BHAM</subfield>
   <subfield code="b">BIB. HUMANIDADES - General</subfield>
   <subfield code="h">A864.4</subfield>
   <subfield code="i">B644-8</subfield>
   <subfield code="k">A</subfield>
   <subfield code="p">300.02</subfield>
   <subfield code="t">Ej.1</subfield>
  </datafield>
  <datafield tag="859" ind1=" " ind2=" ">
   <subfield code="a">AR-BHAM</subfield>
   <subfield code="b">BIB. HUMANIDADES - General</subfield>
   <subfield code="h">A864.4</subfield>
   <subfield code="i">B644-8</subfield>
   <subfield code="k">A</subfield>
   <subfield code="p">450.15</subfield>
   <subfield code="t">Ej.2</subfield>
  </datafield>
 </record>
</collection>
